Collective violence: genesis and response (Record no. 486406)

000 -LEADER
fixed length control field 00382cam a22001217a 4500
008 - FIXED-LENGTH DATA ELEMENTS--GENERAL INFORMATION
fixed length control field 180718b1988 xxu||||| |||| 00| 0 eng d
082 ## - DEWEY DECIMAL CLASSIFICATION NUMBER
Classification number Q811x54 In2c/c.4
245 ## - TITLE STATEMENT
Title Collective violence: genesis and response
Statement of responsibility, etc. edited by K.S. Shukla
260 ## - PUBLICATION, DISTRIBUTION, ETC.
Place of publication, distribution, etc. New Delhi
Name of publisher, distributor, etc. Indian Institute of Public Administration
Date of publication, distribution, etc. 1988
300 ## - PHYSICAL DESCRIPTION
Extent 354p.
650 ## - SUBJECT ADDED ENTRY--TOPICAL TERM
Topical term or geographic name entry element Violence - India
700 ## - ADDED ENTRY--PERSONAL NAME
Personal name Shukla, K.S.
Holdings
Withdrawn status Lost status Damaged status Not for loan Permanent Location Current Location Date acquired Full call number Barcode Date last seen Price effective from Koha item type
        Indian Institute of Public Administration Indian Institute of Public Administration 2018-08-04 Q811x54 In2c/c.4 GR14844 2018-08-04 2018-08-04 GR

Powered by Koha